| 000 | 00417nam a22001697a 4500 | ||
|---|---|---|---|
| 003 | MPLRDC | ||
| 005 | 20220104124622.0 | ||
| 008 | 210129b ||||| |||| 00| 0 eng d | ||
| 082 | _a859.6 GDQM v.8 | ||
| 100 | _a不详 | ||
| 245 |
_a变成石头的人 _c |
||
| 260 |
_a _b国都图书有限公司 _c |
||
| 300 | _b精 | ||
| 490 | _a国都奇妙故事丛书 | ||
| 650 | _a儿童故事 | ||
| 942 |
_cBK _o859.6 GDQM v.8 |
||
| 999 |
_c20782 _d20772 |
||